XI Roku 2012 wg. Tygodnika "Piłka Nożna" (Europa) - Statystyki

Ogólne statystyki
  • Ten quiz został rozwiązany 378 razy
  • Średni wynik to 10 z 11
Statystyki odpowiedzi
Pozycja Kraj Klub Zawodnik % Poprawnych
PO Polska Dortmund Łukasz Piszczek
99%
LS Portugalia Real Madryt Cristiano Ronaldo
98%
ŚP Hiszpania Barcelona Andres Iniesta
97%
ŚO Hiszpania Real Madryt Sergio Ramos
97%
ŚN Szwecja Milan / PSG Zlatan Ibrahimovic
97%
ŚP Hiszpania Barcelona Xavi Hernandez
96%
BR Hiszpania Real Madryt Iker Casillas
95%
LO Hiszpania Valencia / Barcelona Jordi Alba
85%
ŚP Włochy Juventus Andrea Pirlo
83%
ŚPD Hiszpania Barcelona Sergio Busquets
83%
ŚO Włochy Juventus Andrea Barzagli
46%
Nie znaleziono quizów pasujących do podanych kryteriów
Rozkład punktacji
Procent ludzi z każdym wynikiem
Percentyl według liczby udzielonych odpowiedzi
Twoja historia wyników
Nie rozwiązałeś tego quizu